Los poetas. (Registro nro. 323745)

Detalles MARC
000 -ENCABEZADO
Número de control [NR] 02515nam a2200241Ia 4500
005 - FECHA Y HORA DE LA ÚLTIMA TRANSACCIÓN
control field 20240117112553.0
008 - DE LONGITUD FIJA DE DATOS DE ELEMENTOS - INFORMACIÓN GENERAL
Elementos de longitud fija [NR] 130821n1936 ck fr pdspa
040 ## - FUENTE DE CATALOGACION [NR]
Agencia de catalogación original [NR] Co-BoUCM
Idioma de catalogación [NR] spa
Quien Cataloga Sandra Yazo
Quien Clasifica Sandra Yazo
041 00 - CODIGO DE IDIOMA [R]
Código de idioma para texto/pista de sonido o título separado [R] Español
082 04 - NUMERO DE CLASIFICACION DECIMAL DEWEY [R]
Número de clasificación [R] 861.08
Número de la edición [NR] 20
092 ## - SIGNATURA TOPOGRAFICA LOCAL
Número de clasificación local E52N112
245 04 - MENCION DE TITULO [NR]
Título [NR] Los poetas.
Mención de responsabilidad, etc. [NR] Flores de varia poesía
260 ## - PUBLICACION, DISTRIBUCION, ETC. (PIE DE IMPRENTA) [R]
Lugar de publicación, distribución, etc. [R] Bogotá (Colombia)
Nombre del editor, distribuidor, etc. [R] Editorial Minerva S. A.
Fecha de publicación, distribución, etc. [R] 1936
300 ## - DESCRIPCION FISICA [R]
Extensión [R] 317 páginas
Dimensiones [R] 18 x 14 cm
490 #0 - MENCION DE SERIE [R]
Mención de serie [R] Biblioteca Aldeana de Colombia
Designación numérica/secuencial del volumen [NR] 81
500 ## - NOTA GENERAL [R]
Nota general [NR] Detalles físicos: Sin encuadernación original. Actualmente: Encuadernación rígida (holandesa) en cartón forrado en papel jaspeado en tono azul. Lomo de tela, con letras y líneas decorativas en dorado. Cortes decorados (jaspeado azul). Guardas. Hoja de cortesía. Portada impresa en una sola tinta. Grabado con el emblema de la Colección. Texto impreso en una sola columna, con diferentes tipos y tamaños de letra. Notas de pie de página. Papel oxidado en bordes de las hojas. Cuadernillos págs. 91 a 110 y 131 a 142, comienzan a desprenderse. En la encuadernación (lomo) se indica una numeración (81). Colección Aldeana de Colombia es una selección de Samper Ortega de Literatura Colombiana
505 2# - NOTA DE CONTENIDO CON FORMATO PREESTABLECIDO [R]
Nota de contenido con formato preestablecido [NR] El llanto mudo / Enrique Acosta Bonilla ; La abeja, La carcajada del Diablo / Enrique Alvarez Henao ; Octubre, Ka eterna fuente /Alberto Angel Montoya ; Elegias de las horas Luis Enrique Antolinez ; Canción del solitario /Dionisio Arango Vélez ; En Colonia, El regreso, Anhelo de poeta, Abanico de museo / Ismael Enrique Arciniegas ; Virtud interior, Canción ligera, Canción sin nombre, la vieja canción, Canción de la vida profunda, Lamentación de octubre / Porfirio Barba Jacob [Ricardo Arenales] ; Padre sol /Jorge Bayona posada ; Eimi, La hora del pastor / Nicolás Bayona Posada ; Anfora / Rafael Bernal Jimenez ; A Sancho Panza / Juan de Dios Bravo ; El borrico lleva el agua / Manuel Briceño ; Don Álvaro de Borja, Doña María Lugarda de Ospina / Álvaro Brigard y Silva ; Las hordas del viento / Arturo Camaño Ramirez ; Madrigal azul / Antonio J. Cano ; Póstuma / Antonio José Caro ; En alta mar / José Eusebio Caro ; La noche / Luis Alejandro Caro ; Pro. Senectute, A la muerte / Miguel Antonio Caro ; El retrato, El palomar / Víctor E. Caro
506 ## - NOTA DE RESTRICCIONES DE ACCESO [R]
Condiciones de acceso [NR] Consulta en sala
650 #7 - ASIENTO SECUNDARIO DE MATERIA - TERMINO TEMATICO [R]
Término temático o nombre geográfico como elemento de entrada [NR] Poesía colombiana
9 (RLIN) 21792
650 #7 - ASIENTO SECUNDARIO DE MATERIA - TERMINO TEMATICO [R]
Término temático o nombre geográfico como elemento de entrada [NR] Antología poética
9 (RLIN) 9179
Subdivisión geográfica [R] Colombia
690 ## - ASUNTO AGREGADO LOCAL DE ENTRADA - TÉRMINO TEMÁTICO (OCLC, RLIN)
Acceso temático local Literatura colombiana
9 (RLIN) 18629
942 ## - ELEMENTOS DE ENTRADA AGREGADOS (KOHA)
Tipo de ítem principal el descrito en 300a Libro
Tema principal 24
Edición 1
Sistema de clasificación LOCAL
Clasificación E52N112
Título oculto en OPAC No
Existencias
Suprimido Perdido Sistema de clasificación Dañado No prestable Tipo de ítem específico Ubicación habitual Ubicación actual Localización Fecha de creación Forma de adquisición Costo Total préstamos Signatura topográfica Código de barras Última vez visto Ejemplar Price effective from Tipo de ítem
    LOCAL     Libro archivo Archivo Histórico Archivo Histórico Archivo histórico 17/01/2024 Donación 0.00   E52N112 L006947 17/01/2024 Ej.1 17/01/2024 Libro